Executives role in knowledge management (Record no. 191637)

MARC details
000 -LEADER
fixed length control field 00442nam a2200157Ia 4500
005 - DATE AND TIME OF LATEST TRANSACTION
control field 20250519150851.0
008 - FIXED-LENGTH DATA ELEMENTS--GENERAL INFORMATION
fixed length control field 231217s9999 xx 000 0 und d
020 ## - INTERNATIONAL STANDARD BOOK NUMBER
International Standard Book Number 9780070590243
082 ## - DEWEY DECIMAL CLASSIFICATION NUMBER
Classification number 658.4038 ODE;1 R
100 ## - MAIN ENTRY--PERSONAL NAME
Personal name O'Dell, Carla. Leavitt, Paige.
245 #0 - TITLE STATEMENT
Title Executives role in knowledge management
260 ## - PUBLICATION, DISTRIBUTION, ETC. (IMPRINT)
Date of publication, distribution, etc. 2004
Name of publisher, distributor, etc. T M H
Place of publication, distribution, etc. New Delhi
300 ## - PHYSICAL DESCRIPTION
Extent vi, 129
650 ## - SUBJECT ADDED ENTRY--TOPICAL TERM
Topical term or geographic name as entry element Executives,role,knowledge,management
942 ## - ADDED ENTRY ELEMENTS (KOHA)
Koha item type Books
Holdings
Date last seen Total Checkouts Full call number Accession number Old discount Cost, replacement price Price effective from Category Public note Lost status Damaged status Department Withdrawn status bill no. bill date Permanent Location Current Location Shelving location Entry date Vendor Cost, normal purchase price Grants Currency symbol Conversion rate Discount Discount type
26/01/2024   658.4038 ODE;1 R 72822   38.00 26/01/2024 Books 72822     Central Library   1993 03/12/2015 Central Library Central Library Central Library 23/02/2011 ICFAI Press 38.00 MBA RS 1   Rupees
26/01/2024   658.4038 ODE;2 R1 72823   38.00 26/01/2024 Books 72823     F-Block Annex   1993 23/09/2015 Central Library Central Library F-Block Library Annex 23/02/2011 ICFAI Press 38.00 MBA RS 1   Rupees

© For any Suggestions or Query, please contact the library staff @ librarian@pes.edu or Phone: +9180 2672 1983/ 2108.